YOLO Trading: Riding With the Herd During the GameStop Episode
Sledovanie cenových rozdielov v roku 2020 a začiatkom roku 2021 pri akciách GameStop, AMC Entertainment Holdings, Blackberry a Nokia.
Salvato in:
| Autore principale: | |
|---|---|
| Altri autori: | , |
| Natura: | Capitolo di libro |
| Lingua: | inglese |
| Soggetti: | |
| Tags: |
Nessun Tag, puoi essere il primo ad aggiungerne!!
|
MARC
| LEADER | 00000naa a2200000 4500 | ||
|---|---|---|---|
| 001 | 0280849 | ||
| 005 | 20240502083858.8 | ||
| 041 | 0 | |a eng | |
| 044 | |a DE | ||
| 245 | 1 | 0 | |a YOLO Trading: Riding With the Herd During the GameStop Episode |c Štefan Lyócsa, Eduard Baumöhl, Tomáš Výrost |
| 520 | |a Sledovanie cenových rozdielov v roku 2020 a začiatkom roku 2021 pri akciách GameStop, AMC Entertainment Holdings, Blackberry a Nokia. | ||
| 610 | 2 | 0 | |a investori |
| 610 | 2 | 0 | |a volatilita |
| 610 | 2 | 0 | |a akcie |
| 100 | 1 | |a Lyócsa, Štefan, 1982- | |
| 700 | 1 | |a Baumöhl, Eduard, 1982- | |
| 700 | 1 | |a Výrost, Tomáš, 1978- | |